| 000 | 01311nam a2200277Ia 4500 | ||
|---|---|---|---|
| 999 |
_c6643 _d6643 |
||
| 003 | OSt | ||
| 005 | 20200306113046.0 | ||
| 008 | 191128s2014 ck a gr 000 0 spa d | ||
| 020 | _a9789588242330 | ||
| 040 |
_aCO-JMCR _cCO-JMCR |
||
| 041 | _aspa | ||
| 082 | 0 | 4 |
_a027.006 / _bG643i |
| 100 | 1 |
_aGonzález Flórez, John Alexander, _ecoordinador _91250 |
|
| 245 | 1 | 0 |
_aImplementación de un programa de gestión documental PGD / _cJohn Alexander González Flórez, Jorge William Triana Torres, Wilson Ramiro Sánchez Yopaza, Alba fabiola Rincón Herrera |
| 260 |
_aBogotá : _bArchivo General de la Nación, _c2014 |
||
| 300 |
_a60 páginas : _bilustraciones a blanco y negro ; _c24 cm. |
||
| 490 | _aManual | ||
| 505 | _aFormulación del programa de gestión documental -- Elementos del programa de gestión documental (Anexo del Decreto 2609 de 2012) -- Lineamientos para los preocesos de gestión documental -- Fases de Implementación | ||
| 546 | _aspa | ||
| 650 | 1 | 4 |
_aGestión documental _xManuales Administración de archivos _91251 |
| 650 | 2 | 4 |
_aPrincipios archivísticos _91252 |
| 700 | 1 |
_aTriana Torres, Jorge William, _eCoordinador _91247 |
|
| 700 | 1 |
_aSánchez Yopaza, Wilson Ramiro, _ecoordinador _91253 |
|
| 700 | 1 |
_aRincón Herrera, Alba Fabiola, _dCoordinadora _91254 |
|
| 942 |
_2ddc _cBK |
||